Bells, auspiciousness and the god of music: reflections on sound in ritual space in Nepalese Hindu traditions

Saved in:
Bibliographic Details
Main Author: Zotter, Astrid (Author)
Format: Chapter/Article
Language:English
Published: 2020
In: Worship sound spaces
Year: 2020, Pages: 122-139
Online Access: Get full text
Author Notes:Astrid Zotter

MARC

LEADER 00000caa a22000002c 4500
001 1754968651
003 DE-627
005 20240614174658.0
007 tu
008 210415s2020 xx ||||| 00| ||eng c
035 |a (DE-627)1754968651 
035 |a (DE-599)KXP1754968651 
035 |a (OCoLC)1341404478 
040 |a DE-627  |b ger  |c DE-627  |e rda 
041 |a eng 
084 |a 13  |2 sdnb 
084 |a 0  |2 ssgn 
100 1 |a Zotter, Astrid  |d 1977-  |e VerfasserIn  |0 (DE-588)1030289476  |0 (DE-627)734990049  |0 (DE-576)334677165  |4 aut 
245 1 0 |a Bells, auspiciousness and the god of music  |b reflections on sound in ritual space in Nepalese Hindu traditions  |c Astrid Zotter 
264 1 |c 2020 
300 |a 18 
336 |a Text  |b txt  |2 rdacontent 
337 |a ohne Hilfsmittel zu benutzen  |b n  |2 rdamedia 
338 |a Band  |b nc  |2 rdacarrier 
773 0 8 |i Enthalten in  |a Worship Sound Spaces (Veranstaltung : 2015 : Paris)  |t Worship sound spaces  |d London : Routledge, 2020  |g (2020), Seite 122-139  |h xx, 229 Seiten  |w (DE-627)1669288293  |z 9780367234225  |7 nnam 
773 1 8 |g year:2020  |g pages:122-139  |g extent:18  |a Bells, auspiciousness and the god of music reflections on sound in ritual space in Nepalese Hindu traditions 
776 0 8 |i Erscheint auch als  |n Online-Ausgabe  |a Zotter, Astrid, 1977 -   |t Bells, auspiciousness and the god of music  |d 2020  |w (DE-627)1754968295 
889 |w (DE-627)1770702911 
935 |i mdedup 
951 |a AR 
992 |a 20210415 
993 |a BookComponentPart 
998 |g 1030289476  |a Zotter, Astrid  |m 1030289476:Zotter, Astrid  |d 700000  |d 702000  |e 700000PZ1030289476  |e 702000PZ1030289476  |k 0/700000/  |k 1/700000/702000/  |p 1  |x j  |y j 
999 |a KXP-PPN1754968651  |e 3909942652 
BIB |a Y 
JSO |a {"person":[{"family":"Zotter","role":"aut","display":"Zotter, Astrid","given":"Astrid"}],"name":{"displayForm":["Astrid Zotter"]},"origin":[{"dateIssuedKey":"2020","dateIssuedDisp":"2020"}],"language":["eng"],"title":[{"title_sort":"Bells, auspiciousness and the god of music","subtitle":"reflections on sound in ritual space in Nepalese Hindu traditions","title":"Bells, auspiciousness and the god of music"}],"id":{"eki":["1754968651"]},"type":{"bibl":"chapter"},"physDesc":[{"extent":"18 S."}],"relHost":[{"name":{"displayForm":["editors: Christine Guillebaud, Catherine Lavandier"]},"person":[{"family":"Guillebaud","role":"edt","given":"Christine","display":"Guillebaud, Christine"},{"role":"edt","family":"Lavandier","given":"Catherine","display":"Lavandier, Catherine"}],"language":["eng"],"note":["Includes bibliographical references and index","\"This book is based on the work that was conducted at the International Conference Worship Sojnd Spaces, ..., held in Paris at the Musée du quai Branly-Jacques Chirac.\" - Acknowledgments"],"disp":"Worship Sound Spaces (Veranstaltung : 2015 : Paris)Worship sound spaces","part":{"text":"(2020), Seite 122-139","year":"2020","pages":"122-139","extent":"18"},"type":{"bibl":"book"},"physDesc":[{"noteIll":"Illustrationen, Diagramme","extent":"xx, 229 Seiten"}],"corporate":[{"display":"Worship Sound Spaces (2015, Paris)","role":"aut"}],"recId":"1669288293","title":[{"subtitle":"architecture, acoustics and anthropology","title_sort":"Worship sound spaces","title":"Worship sound spaces"}],"origin":[{"dateIssuedKey":"2020","publisherPlace":"London ; New York","publisher":"Routledge","dateIssuedDisp":"2020"}],"id":{"eki":["1669288293"],"isbn":["9780367234225"]}}],"recId":"1754968651"} 
SRT |a ZOTTERASTRBELLSAUSPI2020